Quizzes
Events
Quiz Creation
Community
Videos
Private Events
Remove Ads
Sign In
Join for FREE
Feedback
Dark Mode
Quiz Categories
Sports
Geography
Music
Movies
Television
Just For Fun
Miscellaneous
History
Literature
Language
Science
Gaming
Entertainment
Religion
Holiday
For Kids
Quiz Lab
Recent
Popular Today
Quiz Kudos Today
Editor Picks
Curator Picks
Quizzes by...
Day
Popularity
Type
Ratings
Length
Year
Community
Subscriptions
Recent Discussions
Orange Saloon
Badges
Playlists
Quests
Create
Leaderboards
Showdown
Live 5
Trivia Bingo
Activity
Puzzle Library
Sporcle Events
Private Events
Virtual Trivia
Globe League
Become a Host
Pub Owners
SporcleCon
Opinionation
Our Games
Videos
Blog
Mobile Apps
Partnerships
Remove Ads and Go Orange
Feedback
Literature
Harry Potter
A Song of Ice and Fire
The Hunger Games
Literary Character
Shakespeare
Book
Author
Novel
Poem
Young Adult
Children's Books
Play
Lord of the Rings
Literature
Harry Potter
A Song of Ice and Fire
The Hunger Games
Literary Character
Shakespeare
Book
Author
Novel
Poem
Young Adult
Children's Books
Play
Lord of the Rings
Random Quiz
Search Sporcle
×
Quiz Lab
Quiz Lab
Literature
Shakespeare
Type in answers that appear in a list
Type in answers that appear in a list
Classic
Best Score? Go Orange.
Quotes from Shakespeare plays Stats
Can you name the Shakespeare plays in which the following quotes are said?
By
OparinOcean001
5m
18 Questions
467 Plays
467 Plays
467 Plays
Comments
Comments
Give Quiz Kudos
Give Quiz Kudos
-
- Ratings
hide this ad
Forced Order
Answers have to be entered in order
Answers have to be entered in order
Random Order
Randomize order of answers
Randomize order of answers
Replay
Link that replays current quiz
Next Quiz
Link to next quiz in quiz playlist
You Got
0%
They Got
Avg Score
43%
Avg Friend Score
Upgrade to see
Score Distribution
Jump to the score distribution portion of the page
Score
0/18
Timer
05:00
0
Plays Today
Quote
Play
% Correct
But soft, what light through yonder window breaks?
Romeo and Juliet
87.4%
Beware the ides of March.
Julius Caesar
83.5%
Lord, what fools these mortals be!
A Midsummer Night's Dream
80.5%
Now is the winter of our discontent made glorious summer by this son of York.
Richard III
78.6%
The lady doth protest too much, methinks.
Hamlet
71.9%
If music be the food of love, play on; give me excess of it; that, surfeiting, the appetite may sicken, and so die.
Twelfth Night
71.1%
How sharper than a serpent's tooth it is to have a thankless child!
King Lear
66.4%
We are such stuff as dreams are made on, and our little life is rounded with a sleep.
The Tempest
52%
I kissed thee ere I killed thee, now way but this/
Killing myself, to die upon a kiss.
Othello
49.3%
Quote
Play
% Correct
The quality of mercy is not strained; It droppeth as the gentle rain from heaven upon the place beneath.
The Merchant of Venice
42.2%
Look like the innocent flower, but be the serpent under it.
Macbeth
36%
The fool doth think he is wise, but the wise man knows himself to be a fool.
As You Like It
19.7%
There's small choice in rotten apples.
The Taming of the Shrew
12.4%
Apollo's angry, and the heavens themselves do strike at my injustice.
The Winter's Tale
11.6%
Our doubts are traitors, and make us lose the good we oft might win, by fearing to attempt.
Measure for Measure
7.9%
Tell him, he wears the rose of youth upon him.
Antony and Cleopatra
4.5%
No legacy is so rich as honesty.
All's Well that Ends Well
3.6%
One touch of nature makes the whole world kin.
Troilus and Cressida
2.4%
Quiz Playlist
Details
Report
Send in Message
Add To Playlist
Classic:
Type in answers that appear in a list
Forced Order:
Answers have to be entered in order
Random Order:
Randomize order of answers
Last Updated: Feb 16, 2017
Quiz Scoreboard
CHALLENGE
Sign Up to Join the Scoreboard
Show All
Scores
Hide
Comments
May contain spoilers
Recently Published
An Introduction to Baseball
by treessimontrees
Sports
5m
Movies - When Are They Set?
by FPL_Elf
Movies
5m
Popular People in 1961
by mucciniale
History
6m
More to Explore
Quiz From the Vault
Featured Blog Post
Where Did the Easter Bunny Come From?
hide this ad
You Might Also Like...
Tags
Play Quiz
Quote Quiz
Shakespeare Quiz
spoken
Today's Top Quizzes in Literature
Browse Literature
hide this ad
Today's Top Quizzes in Shakespeare
Browse Shakespeare
Top Contributed Quizzes in Literature
1
Sneaky Slytherin Logic Puzzle
2
One Thing in Common: Literature
3
Get The Picture: Black or White Literature
4
Harry Potter Neighbourly Logic Puzzle #3
5
Weasley Family Reunion: Logic Puzzle
6
One Thing in Common: Books
7
One Thing in Common: Literature II
8
Harry Potter Neighbourly Logic Puzzle #1
9
Harry Potter Neighbourly Logic Puzzle #5
10
Harry Potter Neighbourly Logic Puzzle #6
Explore More
Trending Topics
NBA
Disney
Kpop
Anime
Crossword
Marvel
Harry Potter
Soccer
Song
Country
The Office
NFL
WWE
Puzzle
Pokémon
hide this ad
More By:
OparinOcean001
Quiz
Plays
Rating
Category
Featured
Created
Foreign-Born Population: Argentina
79,308
4.62
Geography
Jun 23, 2011
The Tanzania Quiz
21,403
4.73
Geography
Jun 30, 2010
Country Names in Hindi
2,905
4.59
Language
Apr 19, 2010
World's Best and Worst Lovers
738
3.56
Miscellaneous
Feb 25, 2010
Quotes from Shakespeare plays
467
4.17
Literature
Feb 25, 2010
Go to Creator's Profile
Score Distribution
Quiz Creator Spotlight
OparinOcean001
Follow
Send a Message
Quizzes Created
-
Created Quiz Play Count
-
More By This Creator
Popular Quizzes Today
1
Find the Countries of Europe - No Outlines Minefield
2
Find the US States - No Outlines Minefield
3
The Countries of the World
4
Popular People in 1961
5
US States
6
1-10 Letter E Words III
7
Find the US States
8
One Thing in Common: World Cities II
More Literature Quizzes
20 First Names: Novelists
Published
Trending Quizzes
Risky Map Clicking: Least Populous States A-Z
1-10 Letter F Words
1-10 Letter G Words
One Thing in Common: United Kingdom
Risky Map Clicking: Next State Alphabetically
Recently Updated
Leaping Animals
pecheneg
Reality TV Shows (A-Z)
bhenderson79
Rickey Henderson's Hall of Fame Teammates
pecheneg
Champions League XIs: Arsenal
pecheneg
Quick Pick: Celebrities in WWE's Hall of Fame
aduchscher
A-Z Keypad Blitz II
pecheneg
Multiple Oscar Actors
pecheneg
Mystery Phrase Blitz: Oscar 'Best Actors'
pecheneg
F. Scott Fitzgerald Novels
LTH
Pick 3 Villains
ddd62291
Trending Topics
Crossword
Kpop
Anime
NBA
Harry Potter
Marvel
Disney
The Office
Puzzle
Soccer
Pokémon
Song
Country
NFL
WWE
Your Account Isn't Verified!
In order to create a playlist on Sporcle, you need to verify the email address you used during registration. Go to your
Sporcle Settings
to finish the process.
Report this User
Report this user for behavior that violates our
Community Guidelines
.
Details:
Send Report
Go to the Sporcle.com Mobile Site →
Comments